[Event "DEM U12 2017"]
[Site "Willingen GER"]
[Date "2017.06.07"]
[Round "6"]
[White "Arakelian, Aik"]
[Black "Krastev, Alexander"]
[Result "1-0"]
[Termination "normal"]
[Board "1"]
[WhiteElo "1737"]
[BlackElo "2180"]
[WhiteClock "00:01:51"]
[BlackClock "00:01:51"]
[PlyCount "83"]
[WhiteFideId "16220340"]
[BlackFideId "12989983"]
[EventCountry "GER"]
[EventRounds "11"]
[EventType "swiss"]
[EventDate "2017.06.03"]

1. e4 {[%clk 1:15:58]} e5 {[%clk 1:15:53]} 2. Nf3 {[%clk 1:16:23]} Nc6 {[%clk
1:16:18]} 3. Bb5 {[%clk 1:16:48]} a6 {[%clk 1:16:41]} 4. Ba4 {[%clk 1:17:12]}
Nf6 {[%clk 1:17:02]} 5. d3 {[%clk 1:17:22]} b5 {[%clk 1:12:27]} 6. Bb3 {[%clk
1:17:26]} Bc5 {[%clk 1:12:02]} 7. c3 {[%clk 1:16:50]} O-O {[%clk 1:09:53]} 8.
O-O {[%clk 1:16:40]} Ba7 {[%clk 0:58:37]} 9. Re1 {[%clk 1:14:36]} h6 {[%clk
0:57:43]} 10. d4 {[%clk 1:11:01]} d6 {[%clk 0:56:14]} 11. a4 {[%clk 1:07:15]}
Bg4 {[%clk 0:53:07]} 12. d5 {[%clk 1:04:21]} Ne7 {[%clk 0:51:04]} 13. Nbd2
{[%clk 1:01:59]} Nd7 {[%clk 0:49:18]} 14. Bc2 {[%clk 0:58:42]} f5 {[%clk
0:36:29]} 15. h3 {[%clk 0:58:17]} Bh5 {[%clk 0:33:01]} 16. exf5 {[%clk
0:54:53]} Nxd5 {[%clk 0:32:26]} 17. Ne4 {[%clk 0:51:40]} Ne7 {[%clk 0:30:41]}
18. Bb3+ {[%clk 0:49:17]} Kh8 {[%clk 0:23:47]} 19. g4 {[%clk 0:26:22]} Bf7
{[%clk 0:24:07]} 20. Bc2 {[%clk 0:23:10]} d5 {[%clk 0:17:16]} 21. Ng3 {[%clk
0:17:20]} e4 {[%clk 0:16:26]} 22. g5 {[%clk 0:11:03]} exf3 {[%clk 0:11:52]} 23.
gxh6 {[%clk 0:11:10]} gxh6 {[%clk 0:10:29]} 24. Bxh6 {[%clk 0:09:23]} Rg8
{[%clk 0:10:25]} 25. Qxf3 {[%clk 0:08:59]} Nf6 {[%clk 0:09:46]} 26. axb5 {[%clk
0:07:35]} axb5 {[%clk 0:09:14]} 27. Be3 {[%clk 0:05:51]} c5 {[%clk 0:03:13]}
28. Ra6 {[%clk 0:04:42]} Bb6 {[%clk 0:01:39]} 29. Bxc5 {[%clk 0:04:33]} Bxc5
{[%clk 0:01:07]} 30. Rxf6 {[%clk 0:04:46]} Kg7 {[%clk 0:01:35]} 31. Qf4 {[%clk
0:02:57]} Kxf6 {[%clk 0:00:56]} 32. Qe5+ {[%clk 0:03:10]} Kg5 {[%clk 0:01:14]}
33. f6+ {[%clk 0:03:12]} Kh6 {[%clk 0:00:50]} 34. Qf4+ {[%clk 0:03:14]} Rg5
{[%clk 0:01:18]} 35. h4 {[%clk 0:03:36]} Qg8 {[%clk 0:01:37]} 36. fxe7 {[%clk
0:03:24]} Re8 {[%clk 0:01:06]} 37. Kh2 {[%clk 0:00:49]} Rxe7 {[%clk 0:00:35]}
38. hxg5+ {[%clk 0:00:48]} Qxg5 {[%clk 0:00:54]} 39. Nf5+ {[%clk 0:01:05]} Kh5
{[%clk 0:01:04]} 40. Bd1+ {[%clk 0:01:10]} Kg6 {[%clk 0:01:30]} 41. Qxg5+
{[%clk 0:01:28]} Kxg5 {[%clk 0:01:51]} 42. Nxe7 {[%clk 0:01:51]} 1-0

[Event "DEM U12 2017"]
[Site "Willingen GER"]
[Date "2017.06.07"]
[Round "6"]
[White "Musiolik, David"]
[Black "Lutz, Ruben"]
[Result "1/2-1/2"]
[Termination "normal"]
[Board "2"]
[WhiteElo "1984"]
[BlackElo "1893"]
[WhiteClock "00:03:45"]
[BlackClock "00:14:55"]
[PlyCount "73"]
[WhiteFideId "12972355"]
[BlackFideId "12975974"]
[EventCountry "GER"]
[EventRounds "11"]
[EventType "swiss"]
[EventDate "2017.06.03"]

1. e4 {[%clk 1:15:49]} 1... e6 {[%clk 1:15:53]} 2. d4 {[%clk 1:16:07]} 2... d5
{[%clk 1:16:16]} 3. e5 {[%clk 1:16:25]} 3... c5 {[%clk 1:16:40]} 4. c3 { [%clk
1:16:42]} 4... Nc6 {[%clk 1:17:05]} 5. Nf3 {[%clk 1:16:55]} 5... Qb6 { [%clk
1:17:26]} 6. a3 {[%clk 1:16:45]} 6... c4 {[%clk 1:17:37]} 7. g3 { [%clk
1:16:26]} 7... f6 {[%clk 1:17:58]} 8. exf6 {[%clk 1:05:16]} 8... Nxf6 { [%clk
1:18:21]} 9. Bh3 {[%clk 1:04:02]} 9... Bd6 {[%clk 1:03:55]} 10. O-O { [%clk
1:00:15]} 10... O-O {[%clk 1:02:55]} 11. Re1 {[%clk 0:39:38]} 11... Re8 { [%clk
0:46:04]} 12. Qc2 {[%clk 0:29:06]} 12... e5 {[%clk 0:44:12]} 13. Bxc8 { [%clk
0:29:08]} 13... Raxc8 {[%clk 0:44:35]} 14. dxe5 {[%clk 0:28:32]} 14... Nxe5
{[%clk 0:42:42]} 15. Nxe5 {[%clk 0:28:08]} 15... Rxe5 {[%clk 0:42:18]} 16. Rxe5
{[%clk 0:27:32]} 16... Bxe5 {[%clk 0:42:39]} 17. Be3 {[%clk 0:24:49]} 17... d4
{[%clk 0:35:39]} 18. cxd4 {[%clk 0:24:49]} 18... Bxd4 {[%clk 0:35:58]} 19. Bxd4
{[%clk 0:25:06]} 19... Qxd4 {[%clk 0:36:22]} 20. Nc3 {[%clk 0:25:20]} 20... Re8
{[%clk 0:32:33]} 21. Rd1 {[%clk 0:24:37]} 21... Qe5 {[%clk 0:32:10]} 22. Qa4
{[%clk 0:20:58]} 22... Qc5 {[%clk 0:29:40]} 23. Nd5 {[%clk 0:19:47]} 23... b5
{[%clk 0:29:30]} 24. Nxf6+ {[%clk 0:20:05]} 24... gxf6 {[%clk 0:29:56] } 25.
Qc2 {[%clk 0:20:04]} 25... Qe5 {[%clk 0:25:33]} 26. Qd2 {[%clk 0:13:52]} 26...
Qe6 {[%clk 0:19:56]} 27. Qf4 {[%clk 0:07:25]} 27... Kg7 {[%clk 0:13:06]} 28.
Rd6 {[%clk 0:06:06]} 28... Qe1+ {[%clk 0:13:26]} 29. Kg2 {[%clk 0:06:21]} 29...
Qe4+ {[%clk 0:13:50]} 30. Qxe4 {[%clk 0:06:42]} 30... Rxe4 { [%clk 0:14:14]}
31. Rd7+ {[%clk 0:07:08]} 31... Kg6 {[%clk 0:14:22]} 32. Rxa7 { [%clk 0:03:51]}
32... Re2 {[%clk 0:14:42]} 33. a4 {[%clk 0:03:59]} 33... Rxb2 { [%clk 0:15:05]}
34. axb5 {[%clk 0:03:29]} 34... Rxb5 {[%clk 0:15:27]} 35. Rc7 { [%clk 0:03:53]}
35... Rb4 {[%clk 0:15:37]} 36. Rc5 {[%clk 0:03:42]} 36... Ra4 { [%clk 0:14:55]}
37. h4 {[%clk 0:03:45]} 1/2-1/2

[Event "DEM U12 2017"]
[Site "Willingen GER"]
[Date "2017.06.07"]
[Round "6"]
[White "Weihrauch, Jakob"]
[Black "Laux, Dominik"]
[Result "1/2-1/2"]
[Termination "normal"]
[Board "3"]
[WhiteElo "1965"]
[BlackElo "1759"]
[WhiteClock "00:20:38"]
[BlackClock "00:17:00"]
[PlyCount "74"]
[WhiteFideId "16210115"]
[BlackFideId "12994219"]
[EventCountry "GER"]
[EventRounds "11"]
[EventType "swiss"]
[EventDate "2017.06.03"]

1. e4 {[%clk 1:15:55]} 1... d5 {[%clk 1:15:59]} 2. exd5 {[%clk 1:16:16]} 2...
Qxd5 {[%clk 1:16:24]} 3. Nc3 {[%clk 1:16:40]} 3... Qd8 {[%clk 1:16:50]} 4. d4 {
[%clk 1:17:00]} 4... Nf6 {[%clk 1:17:15]} 5. Nf3 {[%clk 1:17:11]} 5... Bg4 {
[%clk 1:17:40]} 6. Be2 {[%clk 1:17:23]} 6... e6 {[%clk 1:18:02]} 7. O-O { [%clk
1:17:24]} 7... Be7 {[%clk 1:17:59]} 8. h3 {[%clk 1:14:20]} 8... Bxf3 { [%clk
1:17:26]} 9. Bxf3 {[%clk 1:14:39]} 9... c6 {[%clk 1:17:56]} 10. Qd3 { [%clk
1:11:12]} 10... Nbd7 {[%clk 1:17:28]} 11. Re1 {[%clk 1:09:56]} 11... O-O {[%clk
1:16:33]} 12. Ne2 {[%clk 1:06:57]} 12... Rc8 {[%clk 1:14:08]} 13. c4 { [%clk
1:04:45]} 13... Ne5 {[%clk 1:12:04]} 14. Qb3 {[%clk 1:04:19]} 14... Nxf3+
{[%clk 1:11:47]} 15. Qxf3 {[%clk 1:03:59]} 15... Qd7 {[%clk 1:08:20]} 16. Bf4 {
[%clk 1:01:54]} 16... Rfd8 {[%clk 1:04:29]} 17. Rad1 {[%clk 0:58:23]} 17... b6
{[%clk 0:58:28]} 18. Rd3 {[%clk 0:52:19]} 18... c5 {[%clk 0:50:24]} 19. b3 {
[%clk 0:48:54]} 19... Qc6 {[%clk 0:42:07]} 20. Qe3 {[%clk 0:45:27]} 20... Rd7 {
[%clk 0:40:05]} 21. Red1 {[%clk 0:44:18]} 21... Rcd8 {[%clk 0:39:50]} 22. d5 {
[%clk 0:24:10]} 22... exd5 {[%clk 0:38:06]} 23. cxd5 {[%clk 0:24:16]} 23...
Nxd5 {[%clk 0:35:54]} 24. Rxd5 {[%clk 0:24:29]} 24... Rxd5 {[%clk 0:35:37]} 25.
Rxd5 {[%clk 0:24:50]} 25... Qxd5 {[%clk 0:35:30]} 26. Qxe7 {[%clk 0:25:13]}
26... Qd1+ {[%clk 0:35:04]} 27. Kh2 {[%clk 0:25:37]} 27... Qd7 {[%clk 0:35:25]}
28. Qxd7 {[%clk 0:25:31]} 28... Rxd7 {[%clk 0:35:53]} 29. Kg3 {[%clk 0:24:31]}
29... f5 {[%clk 0:35:48]} 30. Be3 {[%clk 0:23:31]} 30... Kf7 {[%clk 0:35:31]}
31. Kf4 {[%clk 0:23:10]} 31... Kf6 {[%clk 0:35:21]} 32. h4 {[%clk 0:23:11]}
32... g6 {[%clk 0:32:51]} 33. g4 {[%clk 0:22:31]} 33... fxg4 {[%clk 0:27:33]}
34. Kxg4 {[%clk 0:22:52]} 34... Rd1 {[%clk 0:22:39]} 35. Bc1 {[%clk 0:21:20]}
35... a6 {[%clk 0:19:11]} 36. Bb2+ {[%clk 0:20:57]} 36... Kf7 {[%clk 0:19:03]}
37. Bc3 {[%clk 0:20:38]} 37... Rd3 {[%clk 0:17:00]} 1/2-1/2

[Event "DEM U12 2017"]
[Site "Willingen GER"]
[Date "2017.06.07"]
[Round "6"]
[White "Colbow, Collin"]
[Black "Wang, Xinyuan"]
[Result "1-0"]
[Termination "normal"]
[Board "4"]
[WhiteElo "1968"]
[BlackElo "1673"]
[WhiteClock "00:15:48"]
[BlackClock "00:51:23"]
[PlyCount "120"]
[WhiteFideId "16201132"]
[BlackFideId "16221494"]
[EventCountry "GER"]
[EventRounds "11"]
[EventType "swiss"]
[EventDate "2017.06.03"]

1. e4 {[%clk 1:15:58]} 1... c5 {[%clk 1:15:48]} 2. Nf3 {[%clk 1:16:22]} 2... a6
{[%clk 1:16:14]} 3. Nc3 {[%clk 1:16:47]} 3... e6 {[%clk 1:16:37]} 4. d4 { [%clk
1:17:10]} 4... cxd4 {[%clk 1:17:02]} 5. Nxd4 {[%clk 1:17:35]} 5... Qc7 { [%clk
1:17:17]} 6. Bd3 {[%clk 1:17:58]} 6... Nf6 {[%clk 1:17:36]} 7. O-O { [%clk
1:18:19]} 7... Bc5 {[%clk 1:17:43]} 8. Nb3 {[%clk 1:17:40]} 8... Be7 { [%clk
1:17:57]} 9. f4 {[%clk 1:14:59]} 9... h5 {[%clk 1:15:59]} 10. Qe2 { [%clk
1:03:33]} 10... d6 {[%clk 1:13:14]} 11. Bd2 {[%clk 1:01:10]} 11... Nbd7 { [%clk
1:11:58]} 12. Rae1 {[%clk 0:59:57]} 12... O-O {[%clk 1:10:42]} 13. h3 { [%clk
0:52:02]} 13... Ne8 {[%clk 1:09:57]} 14. Qxh5 {[%clk 0:50:48]} 14... Nef6
{[%clk 1:04:46]} 15. Qe2 {[%clk 0:48:56]} 15... e5 {[%clk 1:03:31]} 16. f5 {
[%clk 0:46:16]} 16... b6 {[%clk 1:03:35]} 17. g4 {[%clk 0:44:10]} 17... Nh7 {
[%clk 1:00:17]} 18. Qg2 {[%clk 0:37:55]} 18... Qd8 {[%clk 0:59:49]} 19. Bc4 {
[%clk 0:34:45]} 19... Bb7 {[%clk 0:58:50]} 20. Bd5 {[%clk 0:34:11]} 20... Bxd5
{[%clk 0:59:05]} 21. Nxd5 {[%clk 0:34:36]} 21... Bh4 {[%clk 0:59:18]} 22. Rd1 {
[%clk 0:33:03]} 22... Ndf6 {[%clk 0:58:23]} 23. Be3 {[%clk 0:31:56]} 23... Nxd5
{[%clk 0:57:42]} 24. Rxd5 {[%clk 0:32:02]} 24... Be7 {[%clk 0:57:00]} 25. Rfd1
{[%clk 0:29:38]} 25... Nf6 {[%clk 0:55:31]} 26. R5d3 {[%clk 0:27:35]} 26... Nh7
{[%clk 0:54:43]} 27. Nd2 {[%clk 0:27:31]} 27... Rc8 {[%clk 0:54:36]} 28. Nb1 {
[%clk 0:25:59]} 28... Rc6 {[%clk 0:50:42]} 29. Nc3 {[%clk 0:26:01]} 29... Bh4 {
[%clk 0:50:42]} 30. Nd5 {[%clk 0:24:36]} 30... Nf6 {[%clk 0:51:02]} 31. Nxf6+ {
[%clk 0:24:36]} 31... gxf6 {[%clk 0:51:11]} 32. c3 {[%clk 0:24:22]} 32... Qe7 {
[%clk 0:50:54]} 33. g5 {[%clk 0:17:54]} 33... fxg5 {[%clk 0:48:52]} 34. Bxg5 {
[%clk 0:17:49]} 34... Bxg5 {[%clk 0:49:06]} 35. Rg3 {[%clk 0:17:15]} 35... f6 {
[%clk 0:49:08]} 36. h4 {[%clk 0:17:35]} 36... Rf7 {[%clk 0:49:26]} 37. hxg5 {
[%clk 0:17:59]} 37... fxg5 {[%clk 0:49:51]} 38. Rxg5+ {[%clk 0:18:11]} 38...
Rg7 {[%clk 0:50:13]} 39. Rg6 {[%clk 0:14:59]} 39... Qf7 {[%clk 0:48:04]} 40.
Rxg7+ {[%clk 0:12:23]} 40... Qxg7 {[%clk 0:48:32]} 41. Kf2 {[%clk 0:12:29]}
41... Qxg2+ {[%clk 0:48:52]} 42. Kxg2 {[%clk 0:12:53]} 42... b5 {[%clk 0:48:47]
} 43. Kf3 {[%clk 0:09:24]} 43... Kf7 {[%clk 0:48:20]} 44. Ke3 {[%clk 0:07:04]}
44... Kf6 {[%clk 0:46:51]} 45. Rd5 {[%clk 0:06:51]} 45... Rb6 {[%clk 0:43:37]}
46. b4 {[%clk 0:04:28]} 46... Rc6 {[%clk 0:43:05]} 47. Kd3 {[%clk 0:04:11]}
47... Ke7 {[%clk 0:42:46]} 48. a4 {[%clk 0:03:04]} 48... bxa4 {[%clk 0:41:39]}
49. Ra5 {[%clk 0:03:20]} 49... Rb6 {[%clk 0:40:11]} 50. Rxa4 {[%clk 0:03:32]}
50... Rc6 {[%clk 0:39:45]} 51. c4 {[%clk 0:01:44]} 51... Kf6 {[%clk 0:36:40]}
52. b5 {[%clk 0:00:36]} 52... axb5 {[%clk 0:37:02]} 53. cxb5 {[%clk 0:00:59]}
53... Rb6 {[%clk 0:37:23]} 54. Kc4 {[%clk 0:15:21]} 54... Ke7 {[%clk 0:52:14]}
55. Ra7+ {[%clk 0:14:14]} 55... Ke8 {[%clk 0:50:47]} 56. Ra6 {[%clk 0:14:14]}
56... Rb7 {[%clk 0:50:58]} 57. Rxd6 {[%clk 0:14:36]} 57... Rc7+ {[%clk 0:51:20]
} 58. Rc6 {[%clk 0:14:57]} 58... Rxc6+ {[%clk 0:51:30]} 59. bxc6 { [%clk
0:15:23]} 59... Kd8 {[%clk 0:51:48]} 60. Kd5 {[%clk 0:15:48]} 60... Kc7 { [%clk
0:51:23]} 1-0

[Event "DEM U12 2017"]
[Site "Willingen GER"]
[Date "2017.06.07"]
[Round "6"]
[White "Tham, Nam"]
[Black "Pubantz, Jan"]
[Result "0-1"]
[Termination "normal"]
[Board "5"]
[WhiteElo "1762"]
[BlackElo "1999"]
[WhiteClock "00:42:40"]
[BlackClock "00:06:23"]
[PlyCount "120"]
[WhiteFideId "12997331"]
[BlackFideId "12996114"]
[EventCountry "GER"]
[EventRounds "11"]
[EventType "swiss"]
[EventDate "2017.06.03"]

1. e4 {[%clk 1:15:59]} 1... c5 {[%clk 1:15:54]} 2. Nf3 {[%clk 1:16:25]} 2... d6
{[%clk 1:16:08]} 3. d4 {[%clk 1:16:50]} 3... cxd4 {[%clk 1:16:25]} 4. c3 {
[%clk 1:17:16]} 4... Nf6 {[%clk 1:16:24]} 5. Qxd4 {[%clk 1:17:40]} 5... Nc6 {
[%clk 1:15:26]} 6. Qe3 {[%clk 1:15:42]} 6... g6 {[%clk 1:08:04]} 7. Bc4 { [%clk
1:14:35]} 7... Bg7 {[%clk 1:07:15]} 8. O-O {[%clk 1:13:52]} 8... O-O { [%clk
1:07:37]} 9. h3 {[%clk 1:14:11]} 9... Qc7 {[%clk 0:54:48]} 10. Nbd2 { [%clk
1:10:23]} 10... Rd8 {[%clk 0:46:42]} 11. Bb3 {[%clk 1:07:22]} 11... Na5 { [%clk
0:41:49]} 12. Bc2 {[%clk 1:06:52]} 12... b6 {[%clk 0:36:52]} 13. Qe2 { [%clk
1:02:36]} 13... Bb7 {[%clk 0:36:34]} 14. Rd1 {[%clk 1:02:48]} 14... Rac8 {[%clk
0:31:14]} 15. Nf1 {[%clk 1:01:42]} 15... Nc4 {[%clk 0:26:59]} 16. N1d2 { [%clk
0:53:55]} 16... d5 {[%clk 0:22:53]} 17. Nxc4 {[%clk 0:53:10]} 17... Qxc4 {[%clk
0:21:51]} 18. Bd3 {[%clk 0:53:21]} 18... Qc7 {[%clk 0:21:45]} 19. e5 { [%clk
0:50:08]} 19... Ne4 {[%clk 0:19:48]} 20. Bf4 {[%clk 0:49:34]} 20... Nc5 { [%clk
0:18:36]} 21. Bc2 {[%clk 0:49:26]} 21... Ne6 {[%clk 0:17:42]} 22. Bh2 { [%clk
0:46:55]} 22... d4 {[%clk 0:14:27]} 23. Bb3 {[%clk 0:45:59]} 23... dxc3 { [%clk
0:14:01]} 24. Rac1 {[%clk 0:44:41]} 24... Bxf3 {[%clk 0:11:55]} 25. Qxf3 {[%clk
0:36:45]} 25... Rxd1+ {[%clk 0:10:03]} 26. Qxd1 {[%clk 0:36:53]} 26... Bxe5
{[%clk 0:10:00]} 27. Rxc3 {[%clk 0:35:47]} 27... Bxh2+ {[%clk 0:10:10]} 28. Kh1
{[%clk 0:36:12]} 28... Rd8 {[%clk 0:09:30]} 29. Qg4 {[%clk 0:35:18]} 29... Qd6
{[%clk 0:07:13]} 30. g3 {[%clk 0:33:17]} 30... Bxg3 {[%clk 0:07:22]} 31. Rxg3
{[%clk 0:33:38]} 31... Qc6+ {[%clk 0:06:48]} 32. Kh2 {[%clk 0:33:54]} 32... Rd4
{[%clk 0:05:14]} 33. Qe2 {[%clk 0:33:50]} 33... Qe4 {[%clk 0:04:34]} 34. Re3
{[%clk 0:33:45]} 34... Qf4+ {[%clk 0:04:52]} 35. Kg2 {[%clk 0:33:41]} 35...
Qg5+ {[%clk 0:04:29]} 36. Kh2 {[%clk 0:33:59]} 36... Qf4+ {[%clk 0:02:53] } 37.
Kg2 {[%clk 0:34:21]} 37... Qg5+ {[%clk 0:03:07]} 38. Kh2 {[%clk 0:34:47]} 38...
Nf4 {[%clk 0:02:49]} 39. Qf3 {[%clk 0:33:41]} 39... e6 {[%clk 0:02:57]} 40. Rc3
{[%clk 0:30:33]} 40... Nd5 {[%clk 0:02:19]} 41. Bxd5 {[%clk 0:28:47]} 41...
Rxd5 {[%clk 0:02:47]} 42. Rc7 {[%clk 0:29:10]} 42... Qe5+ {[%clk 0:02:50] } 43.
Qg3 {[%clk 0:29:34]} 43... Qxg3+ {[%clk 0:14:12]} 44. Kxg3 { [%clk 0:42:42]}
44... Ra5 {[%clk 0:10:48]} 45. a3 {[%clk 0:42:32]} 45... Kg7 { [%clk 0:11:00]}
46. Kg2 {[%clk 0:42:54]} 46... g5 {[%clk 0:10:32]} 47. Kg3 Kg6 48. f3 {[%clk
0:43:14]} 48... Ra4 {[%clk 0:10:31]} 49. Rd7 {[%clk 0:43:37]} 49... h5 {[%clk
0:10:19]} 50. Re7 {[%clk 0:43:58]} 50... Ra5 {[%clk 0:08:00]} 51. Rc7 {[%clk
0:43:44]} 51... f6 {[%clk 0:07:13]} 52. Rc6 {[%clk 0:43:35]} 52... h4+ {[%clk
0:06:56]} 53. Kf2 {[%clk 0:43:52]} 53... Rc5 {[%clk 0:06:11]} 54. Rxe6 {[%clk
0:43:39]} 54... Rc2+ {[%clk 0:06:36]} 55. Kg1 {[%clk 0:41:31]} 55... Rxb2
{[%clk 0:06:56]} 56. Re3 {[%clk 0:41:46]} 56... Kf5 {[%clk 0:06:24]} 57. Re4
{[%clk 0:41:38]} 57... Rb3 {[%clk 0:05:49]} 58. Ra4 {[%clk 0:41:55]} 58... Rxf3
{[%clk 0:05:55]} 59. Kg2 {[%clk 0:42:20]} 59... Rg3+ {[%clk 0:06:19] } 60. Kh2
{[%clk 0:42:40]} 60... a5 {[%clk 0:06:23]} 0-1

[Event "DEM U12 2017"]
[Site "Willingen GER"]
[Date "2017.06.07"]
[Round "6"]
[White "Bui, Bao Anh Le"]
[Black "Evering, Sören"]
[Result "1-0"]
[Termination "normal"]
[Board "7"]
[WhiteElo "1748"]
[BlackElo "1718"]
[WhiteClock "00:11:38"]
[BlackClock "00:24:28"]
[PlyCount "104"]
[WhiteFideId "12970719"]
[BlackFideId "12974650"]
[EventCountry "GER"]
[EventRounds "11"]
[EventType "swiss"]
[EventDate "2017.06.03"]

1. e4 {[%clk 1:15:57]} 1... e5 {[%clk 1:15:50]} 2. Nf3 {[%clk 1:16:23]} 2...
Nc6 {[%clk 1:16:11]} 3. Bc4 {[%clk 1:16:49]} 3... Nf6 {[%clk 1:16:31]} 4. d3 {
[%clk 1:17:10]} 4... Bc5 {[%clk 1:16:44]} 5. c3 {[%clk 1:17:16]} 5... d6 {
[%clk 1:16:48]} 6. Bb3 {[%clk 1:17:40]} 6... h6 {[%clk 1:17:03]} 7. Nbd2 {
[%clk 1:17:47]} 7... a5 {[%clk 1:16:56]} 8. Nf1 {[%clk 1:10:22]} 8... O-O {
[%clk 1:16:56]} 9. Ng3 {[%clk 1:10:08]} 9... d5 {[%clk 1:16:28]} 10. O-O {
[%clk 1:04:28]} 10... dxe4 {[%clk 1:16:06]} 11. dxe4 {[%clk 1:04:02]} 11...
Qxd1 {[%clk 1:15:12]} 12. Rxd1 {[%clk 1:00:24]} 12... Bg4 {[%clk 1:13:45]} 13.
h3 {[%clk 0:59:03]} 13... Bxf3 {[%clk 1:13:36]} 14. gxf3 {[%clk 0:59:31]} 14...
a4 {[%clk 1:12:16]} 15. Bc2 {[%clk 0:58:52]} 15... a3 {[%clk 1:07:52]} 16. b4 {
[%clk 0:53:41]} 16... Bb6 {[%clk 1:05:06]} 17. Nf5 {[%clk 0:50:34]} 17... Rfd8
{[%clk 1:02:07]} 18. Rb1 {[%clk 0:32:32]} 18... Rxd1+ {[%clk 0:51:33]} 19. Bxd1
{[%clk 0:32:17]} 19... Rd8 {[%clk 0:50:47]} 20. Be2 {[%clk 0:20:32]} 20... Nh5
{[%clk 0:47:44]} 21. Kf1 {[%clk 0:18:25]} 21... Nf4 {[%clk 0:46:13]} 22. h4 {
[%clk 0:17:29]} 22... Nd3 {[%clk 0:32:15]} 23. Bxa3 {[%clk 0:08:30]} 23... Nxf2
{[%clk 0:31:47]} 24. b5 {[%clk 0:08:09]} 24... Na5 {[%clk 0:30:29]} 25. Ne7+ {
[%clk 0:08:25]} 25... Kh7 {[%clk 0:30:20]} 26. Nd5 {[%clk 0:08:51]} 26... Nh3 {
[%clk 0:30:24]} 27. c4 {[%clk 0:08:32]} 27... Nf4 {[%clk 0:29:06]} 28. c5 {
[%clk 0:06:23]} 28... Nxd5 {[%clk 0:29:09]} 29. exd5 {[%clk 0:06:46]} 29... Ba7
{[%clk 0:27:16]} 30. b6 {[%clk 0:07:04]} 30... cxb6 {[%clk 0:27:33]} 31. cxb6 {
[%clk 0:07:30]} 31... Bxb6 {[%clk 0:27:37]} 32. Rxb6 32... Rxd5 {[%clk 0:28:02]
} 33. Rb5 {[%clk 0:07:54]} 33... Rxb5 {[%clk 0:28:11]} 34. Bxb5 {[%clk 0:08:22]
} 34... Kg6 {[%clk 0:28:06]} 35. Bb4 {[%clk 0:07:49]} 35... b6 {[%clk 0:28:23]}
36. Bxa5 {[%clk 0:07:59]} 36... bxa5 {[%clk 0:28:44]} 37. Kg2 {[%clk 0:08:23]}
37... f5 {[%clk 0:27:13]} 38. Kg3 {[%clk 0:06:42]} 38... Kf6 {[%clk 0:26:59]}
39. Bd7 {[%clk 0:05:07]} 39... g6 {[%clk 0:22:23]} 40. h5 {[%clk 0:02:35]}
40... gxh5 {[%clk 0:11:47]} 41. Kh4 {[%clk 0:12:39]} 41... e4 {[%clk 0:26:13]}
42. f4 {[%clk 0:12:02]} 42... e3 {[%clk 0:26:18]} 43. Bb5 {[%clk 0:12:28]}
43... Ke6 {[%clk 0:26:23]} 44. Kxh5 {[%clk 0:11:27]} 44... Kd5 {[%clk 0:25:11]}
45. Kxh6 {[%clk 0:11:44]} 45... a4 {[%clk 0:25:29]} 46. Kg5 {[%clk 0:11:31]}
46... Ke4 {[%clk 0:25:27]} 47. a3 {[%clk 0:10:16]} 47... Kd4 {[%clk 0:23:05]}
48. Kxf5 {[%clk 0:10:31]} 48... Kc3 {[%clk 0:23:19]} 49. Ke4 {[%clk 0:10:56]}
49... e2 {[%clk 0:23:40]} 50. Bxe2 {[%clk 0:11:20]} 50... Kb3 {[%clk 0:24:05]}
51. f5 {[%clk 0:11:21]} 51... Kxa3 {[%clk 0:24:28]} 52. Bd1 {[%clk 0:11:38]}
52... Kb2 1-0

[Event "DEM U12 2017"]
[Site "Willingen GER"]
[Date "2017.06.07"]
[Round "6"]
[White "Gallasch, Jonas"]
[Black "Lohvinov, Petro"]
[Result "0-1"]
[Termination "normal"]
[Board "8"]
[WhiteElo "1813"]
[BlackElo "1823"]
[WhiteClock "00:19:57"]
[BlackClock "00:51:19"]
[PlyCount "40"]
[WhiteFideId "16222474"]
[BlackFideId "14176661"]
[EventCountry "GER"]
[EventRounds "11"]
[EventType "swiss"]
[EventDate "2017.06.03"]

1. d4 {[%clk 1:15:58]} 1... Nf6 {[%clk 1:15:05]} 2. c4 {[%clk 1:16:14]} 2... e6
{[%clk 1:15:22]} 3. g3 {[%clk 1:16:20]} 3... d5 {[%clk 1:15:24]} 4. Bg2 { [%clk
1:16:40]} 4... Be7 {[%clk 1:15:36]} 5. Nf3 {[%clk 1:16:28]} 5... O-O { [%clk
1:15:48]} 6. O-O {[%clk 1:16:06]} 6... dxc4 {[%clk 1:16:11]} 7. Qa4 { [%clk
1:15:43]} 7... a6 {[%clk 1:14:17]} 8. Qxc4 {[%clk 1:14:07]} 8... b5 { [%clk
1:14:40]} 9. Qc2 {[%clk 1:14:27]} 9... Bb7 {[%clk 1:15:06]} 10. Nc3 { [%clk
1:08:24]} 10... Nbd7 {[%clk 1:11:22]} 11. b3 {[%clk 0:57:23]} 11... c5 { [%clk
1:08:47]} 12. Rd1 {[%clk 0:47:18]} 12... Qb6 {[%clk 0:58:03]} 13. e3 { [%clk
0:33:35]} 13... Rac8 {[%clk 0:57:06]} 14. Qd2 {[%clk 0:31:50]} 14... cxd4
{[%clk 0:51:53]} 15. Nxd4 {[%clk 0:27:35]} 15... Bxg2 {[%clk 0:51:58]} 16. Kxg2
{[%clk 0:27:57]} 16... Bb4 {[%clk 0:52:05]} 17. Bb2 {[%clk 0:19:59]} 17... Ne4
{[%clk 0:51:56]} 18. Nd5 {[%clk 0:19:20]} 18... Bxd2 {[%clk 0:50:41]} 19. Nxb6
{[%clk 0:19:45]} 19... Nxb6 {[%clk 0:51:03]} 20. f3 {[%clk 0:19:57]} 20... Bc3
{[%clk 0:51:19]} 0-1